Kúpele - Číz - Fürdö
Zobrazenie: V bielom orámovaní pohľad zhora na kúpeľné budovy v popredí socha
| Médium: | Pohľadnica |
|---|---|
| Jazyk: | slovenčina maďarčina |
| Fyzický popis: | 1 pohľadnica tónovaná do modra 9 x 14 cm |
| Vydavateľské údaje: |
Tornaľa-Číz
Schneller, bazár
[1938?]
|
| Predmet: |
MARC
| LEADER | 00000nkm a2200000 a 4500 | ||
|---|---|---|---|
| 001 | vtls011843295 | ||
| 003 | SK-MaSNL | ||
| 005 | 20260512125335.0 | ||
| 007 | kp ao | ||
| 008 | 240703q1938 xo 000 g knslo | ||
| 015 | |a SNBG1938 | ||
| 035 | |a urn:nbn:sk:snk-km00dv6r | ||
| 035 | |a urn:nbn:sk:snk-km3lsvb | ||
| 035 | |a 60BE69FA-D03E-4A5B-BBF7-811ECC6585D7 | ||
| 040 | |a SNK |b slo |c SNK |e AACR2 | ||
| 041 | 0 | |a slo |a hun | |
| 043 | |a e-xo--- | ||
| 044 | |a xo |c SK | ||
| 072 | 7 | |a 913 |x Regionálna geografia |2 konspekt | |
| 080 | |a 913(437.6) |2 2011 | ||
| 080 | |a (084.121) |2 2011 | ||
| 080 | |a 711.455:615.838 |2 2011 | ||
| 245 | 0 | 0 | |a Kúpele - Číz - Fürdö |h grafika |
| 246 | 3 | 3 | |a Kúpele - Číz |
| 246 | 3 | 3 | |a Číz - Fürdö |
| 260 | |a Tornaľa-Číz |b Schneller, bazár |c [1938?] | ||
| 300 | |a 1 pohľadnica |b tónovaná do modra |c 9 x 14 cm | ||
| 520 | 8 | |a Zobrazenie: V bielom orámovaní pohľad zhora na kúpeľné budovy v popredí socha | |
| 546 | |a Súbežný názov v slovenčine a maďarčine | ||
| 610 | 2 | 7 | |a Číž (Slovensko : kúpele) |2 SNKKA |9 183547 |
| 650 | 0 | 7 | |a kúpele |2 SNKPH |9 1139 |
| 651 | 7 | |a Číž (Slovensko) |2 SNKPHgeo |9 12918 | |
| 655 | 7 | |a miestne pohľadnice |2 SNKPH |9 70510 | |
| 852 | |a Slovenská národná knižnica | ||
| 958 | |a EUIPO | ||
| 958 | |a GBN | ||
| 958 | |a GC | ||
| 958 | |a OND | ||
| 999 | |c 1031370 |d 1033300 | ||
| 952 | |a SNK |b SNK |y PREZ |7 0 |p 17A1293256 |o snkSP 63238 |z Pohľadnica prešla poštou. |0 0 |1 0 |4 0 |d 2019-02-27 |f 1 |l 0 |r 2026-02-24 13:54:31 |w 2026-02-24 | ||


